[Event "Straume Bronstein Cup"]
[Site "Straume"]
[Date "2020.10.25"]
[Round "3"]
[White "Brattetveit, Kenneth"]
[Black "Aasen, Kjetil Myrlid"]
[Result "1/2-1/2"]
[WhiteElo "1804"]
[BlackElo "1624"]
[PlyCount "135"]
[EventDate "2020.10.25"]
[EventType "swiss (rapid)"]
[EventRounds "6"]
[EventCountry "NOR"]
[SourceTitle "EXT 2024"]
[Source "ChessBase"]
[SourceDate "2023.10.10"]
[SourceVersion "1"]
[SourceVersionDate "2023.10.10"]
[SourceQuality "1"]

1. e4 d6 2. d4 Nf6 3. Bd3 e5 4. d5 c6 5. c4 Na6 6. Nc3 Nc5 7. Bc2 Bg4 8. f3 Bh5 9. Nge2 Bg6 10. Be3 Nfd7 11. Qd2 Be7 12. 0-0-0 Nb6 13. b3 cxd5 14. Nxd5 Nxd5 15. Qxd5 Qc7 16. Nc3 a6 17. Qd2 Qa5 18. Bxc5 Qxc5 19. Nd5 Bd8 20. Kb2 0-0 21. Nc3 Bc7 22. Nd5 Bd8 23. Qc3 f6 24. Rd2 Bf7 25. Rhd1 b5 26. cxb5 Qxb5 27. Qd3 Qc5 28. Nc3 Bc7 29. Na4 Qa5 30. Bb1 Rfb8 31. Ka1 Be8 32. Nb2 Bb5 33. Qd5+ Kh8 34. Rc2 Qb6 35. Rdc1 Rc8 36. Qe6 Qb7 37. Nc4 Re8 38. Qf7 Rf8 39. Qd5 Qxd5 40. exd5 Bxc4 41. Rxc4 Bb6 42. Rc6 Bd4+ 43. R6c3 Rfc8 44. Kb2 Rc7 45. Bd3 Rac8 46. Bc4 a5 47. Kc2 Bxc3 48. Kxc3 Rc5 49. Kd3 Rxd5+ 50. Ke3 Rdc5 51. Rd1 R8c6 52. Ke4 a4 53. g4 axb3 54. axb3 Rxc4+ 55. bxc4 Rxc4+ 56. Kf5 Rf4+ 57. Ke6 Rxf3 58. Rxd6 h6 59. Kf7 Ra3 60. Kg6 Ra8 61. Rd7 Re8 62. Rxg7 Rg8 63. Rxg8+ Kxg8 64. Kf5 Kf7 65. h4 Kg7 66. g5 fxg5 67. hxg5 hxg5 68. Kxg5 1/2-1/2

[Event "Kragero op-B"]
[Site "Kragero"]
[Date "2020.02.22"]
[Round "7"]
[White "Solaas, Timian Martinius Ma"]
[Black "Aasen, Kjetil Myrlid"]
[Result "1-0"]
[WhiteElo "1741"]
[BlackElo "1892"]
[PlyCount "63"]
[EventDate "2020.02.19"]
[EventType "swiss"]
[EventRounds "9"]
[EventCountry "NOR"]
[SourceTitle "CBM 195 Extra"]
[Source "ChessBase"]
[SourceDate "2020.05.31"]
[SourceVersion "1"]
[SourceVersionDate "2020.05.31"]
[SourceQuality "1"]

1. e4 d6 2. d4 Nf6 3. Bd3 e5 4. d5 c6 5. c4 Na6 6. Nc3 Nc5 7. Nge2 Nxd3+ 8. Qxd3 a5 9. 0-0 Be7 10. h3 0-0 11. f4 cxd5 12. cxd5 Nd7 13. Be3 exf4 14. Bxf4 Ne5 15. Bxe5 dxe5 16. Nb5 Qb6+ 17. Kh1 Bd7 18. Nec3 Bb4 19. a4 Rac8 20. Rac1 Rfd8 21. Rfd1 f6 22. Kh2 Be8 23. Rc2 Rc5 24. Rdc1 Rdc8 25. b3 Kf8 26. d6 Bxb5 27. Nxb5 Rxc2 28. Rxc2 Rxc2 29. Qxc2 Bxd6 30. Qc8+ Kf7 31. Qxb7+ Bc7 32. Qxc7+ 1-0

[Event "Reykjavik op"]
[Site "Reykjavik"]
[Date "2019.04.11"]
[Round "5"]
[White "Kreckovic, Milos"]
[Black "Aasen, Kjetil Myrlid"]
[Result "1/2-1/2"]
[WhiteElo "2168"]
[BlackElo "1861"]
[PlyCount "104"]
[EventDate "2019.04.08"]
[EventType "swiss"]
[EventRounds "9"]
[EventCountry "ISL"]
[SourceTitle "CBM 189 Extra"]
[Source "ChessBase"]
[SourceDate "2019.06.03"]
[SourceVersion "1"]
[SourceVersionDate "2019.06.03"]
[SourceQuality "1"]

1. d4 Nf6 2. c4 c5 3. Nf3 g6 4. g3 Bg7 5. Bg2 0-0 6. 0-0 d6 7. dxc5 dxc5 8. Ne5 Qb6 9. Nc3 Nfd7 10. Nd3 Na6 11. Bg5 f6 12. Be3 Rd8 13. Nd5 Qd6 14. Qc1 e6 15. Bf4 e5 16. Bh6 Rb8 17. Bxg7 Kxg7 18. f4 Nc7 19. fxe5 fxe5 20. Nxc7 Qxc7 21. Qg5 Nb6 22. Qf6+ Kg8 23. Qxe5 Qxe5 24. Nxe5 Re8 25. Nd3 Nxc4 26. Bd5+ Be6 27. Bxe6+ Rxe6 28. Nxc5 Rxe2 29. Rae1 Rbe8 30. Rxe2 Rxe2 31. Rf2 Rxb2 32. Rxb2 Nxb2 33. Nxb7 Kf8 34. Kf2 Ke7 35. Ke3 Kd7 36. Kd4 Nd1 37. Nc5+ Ke7 38. Nd3 Kd6 39. h4 h6 40. Ne5 g5 41. Nf7+ Ke6 42. Nxh6 gxh4 43. gxh4 Nf2 44. a3 Kf6 45. Ke3 Nd1+ 46. Kd2 Nf2 47. Ke2 Ne4 48. Ng4+ Kf5 49. Ne3+ Kf4 50. Kd3 Nf6 51. Kd4 Kg3 52. Ke5 Ng4+ 1/2-1/2

[Event "Reykjavik op"]
[Site "Reykjavik"]
[Date "2019.04.10"]
[Round "4"]
[White "Aasen, Kjetil Myrlid"]
[Black "Gupta, Abhijeet"]
[Result "0-1"]
[WhiteElo "1861"]
[BlackElo "2602"]
[PlyCount "72"]
[EventDate "2019.04.08"]
[EventType "swiss"]
[EventRounds "9"]
[EventCountry "ISL"]
[SourceTitle "CBM 189 Extra"]
[Source "ChessBase"]
[SourceDate "2019.06.03"]
[SourceVersion "1"]
[SourceVersionDate "2019.06.03"]
[SourceQuality "1"]

1. e4 c5 2. d4 cxd4 3. c3 dxc3 4. Nxc3 e6 5. Nf3 a6 6. Bc4 b5 7. Bb3 Bb7 8. Qe2 d6 9. 0-0 Nd7 10. Rd1 Ngf6 11. Bg5 Be7 12. a3 Qb8 13. Rac1 0-0 14. h4 Re8 15. Bf4 Bf8 16. Nh2 Ne5 17. g4 g6 18. h5 Bg7 19. h6 Bf8 20. Bg5 Nfd7 21. Be3 Nc5 22. Bxc5 dxc5 23. f4 Nc6 24. e5 Nd4 25. Rxd4 cxd4 26. Ne4 Bxe4 27. Qxe4 d3 28. g5 d2 29. Rd1 Qb6+ 30. Kg2 Red8 31. Ng4 Be7 32. Kf3 Rac8 33. Nf6+ Bxf6 34. exf6 Rd4 35. Qe3 Rcd8 36. Rxd2 Qc6+ 0-1

[Event "Calvia Amateur op 15th"]
[Site "Calvia"]
[Date "2018.10.14"]
[Round "9"]
[White "Jekabsons, Ivars"]
[Black "Aasen, Kjetil Myrlid"]
[Result "1-0"]
[WhiteElo "2201"]
[BlackElo "1815"]
[PlyCount "81"]
[EventDate "2018.10.06"]
[EventType "swiss"]
[EventRounds "9"]
[EventCountry "ESP"]
[SourceTitle "CBM 186 Extra"]
[Source "ChessBase"]
[SourceDate "2018.08.24"]
[SourceVersion "1"]
[SourceVersionDate "2018.08.24"]
[SourceQuality "1"]

1. e4 e6 2. d4 d5 3. Nc3 Bb4 4. Nge2 dxe4 5. a3 Be7 6. Nxe4 Nf6 7. N2g3 b6 8. Qf3 Nxe4 9. Nxe4 c6 10. Be3 Qd5 11. c4 Qf5 12. Qxf5 exf5 13. Nc3 0-0 14. Be2 Re8 15. 0-0 Bd7 16. Bf3 Na6 17. Rfd1 Rac8 18. Rac1 Nc7 19. g3 Bf6 20. b4 Ne6 21. d5 Ng5 22. Bg2 Ne4 23. Nxe4 fxe4 24. dxc6 Bxc6 25. b5 Ba8 26. a4 Bb2 27. Rc2 Ba3 28. Rd7 Bc5 29. Bxc5 Rxc5 30. Rxa7 Bd5 31. Bf1 f5 32. a5 bxa5 33. Rxa5 Rec8 34. Ra4 Be6 35. Rb4 g5 36. b6 f4 37. Ra2 e3 38. b7 exf2+ 39. Kxf2 fxg3+ 40. Kxg3 h5 41. b8Q 1-0

[Event "Calvia Amateur op 15th"]
[Site "Calvia"]
[Date "2018.10.12"]
[Round "7"]
[White "Longa Yauca, Javier"]
[Black "Aasen, Kjetil Myrlid"]
[Result "1-0"]
[WhiteElo "2287"]
[BlackElo "1815"]
[PlyCount "89"]
[EventDate "2018.10.06"]
[EventType "swiss"]
[EventRounds "9"]
[EventCountry "ESP"]
[SourceTitle "CBM 186 Extra"]
[Source "ChessBase"]
[SourceDate "2018.08.24"]
[SourceVersion "1"]
[SourceVersionDate "2018.08.24"]
[SourceQuality "1"]

1. d4 Nf6 2. c4 g6 3. Nc3 d5 4. Nf3 Bg7 5. g3 c6 6. Bg2 0-0 7. 0-0 Nbd7 8. cxd5 Nxd5 9. e4 Nxc3 10. bxc3 Qa5 11. Bd2 c5 12. Qb3 a6 13. a4 e6 14. e5 Rb8 15. Rfb1 h6 16. h4 Rd8 17. Qb2 Qc7 18. a5 b5 19. Qc1 Kh7 20. h5 cxd4 21. hxg6+ fxg6 22. cxd4 Qxc1+ 23. Rxc1 Bb7 24. Bb4 Bf8 25. Bxf8 Nxf8 26. Rc7+ Rd7 27. Rac1 Rxc7 28. Rxc7+ Kg8 29. Nd2 Bxg2 30. Kxg2 Rd8 31. Nb3 Rd7 32. Rc6 Ra7 33. Nc5 Kf7 34. Rxa6 Rxa6 35. Nxa6 Nd7 36. Nb4 Ke8 37. Nc6 b4 38. Nxb4 Kd8 39. f4 Kc7 40. g4 Nf8 41. Kf3 Kb7 42. Ke4 Kc7 43. f5 g5 44. d5 exf5+ 45. Kxf5 1-0

[Event "Calvia Amateur op 15th"]
[Site "Calvia"]
[Date "2018.10.08"]
[Round "3"]
[White "Aasen, Kjetil Myrlid"]
[Black "Romero Leon, Antonio"]
[Result "1-0"]
[WhiteElo "1815"]
[BlackElo "2045"]
[PlyCount "95"]
[EventDate "2018.10.06"]
[EventType "swiss"]
[EventRounds "9"]
[EventCountry "ESP"]
[SourceTitle "CBM 186 Extra"]
[Source "ChessBase"]
[SourceDate "2018.08.24"]
[SourceVersion "1"]
[SourceVersionDate "2018.08.24"]
[SourceQuality "1"]

1. e4 c6 2. d4 d5 3. Nc3 dxe4 4. Nxe4 Bf5 5. Ng3 Bg6 6. h4 h6 7. h5 Bh7 8. Nf3 e6 9. Bd3 Bxd3 10. Qxd3 Nf6 11. Ne4 Nbd7 12. Bd2 Nxe4 13. Qxe4 Nf6 14. Qe2 Bd6 15. 0-0-0 Qc7 16. Kb1 0-0-0 17. c4 c5 18. Bc3 Rhe8 19. Qc2 Qc6 20. d5 exd5 21. Bxf6 gxf6 22. Qf5+ Qd7 23. Qxd5 Bf8 24. Qxd7+ Rxd7 25. Rxd7 Kxd7 26. Rd1+ Kc6 27. Rd2 Bd6 28. g3 Re4 29. b3 Kd7 30. Kc2 Ke6 31. Kd3 Rg4 32. Re2+ Kd7 33. Re4 Rxe4 34. Kxe4 Ke6 35. Nh4 Bf8 36. f4 a6 37. a4 a5 38. Nf5 Kd7 39. Kd5 Kc7 40. Ne3 Kd7 41. Ng4 b6 42. Nxf6+ Ke7 43. Ne4 Kd7 44. f5 Bg7 45. f6 Bf8 46. g4 Kc7 47. g5 hxg5 48. Nxg5 1-0

[Event "NOR-ch Class1"]
[Site "Sarpsborg"]
[Date "2018.07.14"]
[Round "9"]
[White "Braten, Martin"]
[Black "Aasen, Kjetil Myrlid"]
[Result "1-0"]
[WhiteElo "1798"]
[BlackElo "1827"]
[PlyCount "43"]
[EventDate "2018.07.07"]
[EventType "swiss"]
[EventRounds "9"]
[EventCountry "NOR"]
[SourceTitle "EXT 2024"]
[Source "ChessBase"]
[SourceDate "2023.10.10"]
[SourceVersion "1"]
[SourceVersionDate "2023.10.10"]
[SourceQuality "1"]

1. d4 Nf6 2. c4 c5 3. d5 b5 4. Qc2 bxc4 5. e4 e6 6. Nc3 exd5 7. e5 Qe7 8. Qe2 Ne4 9. Nxe4 dxe4 10. Qxe4 Nc6 11. Nf3 Bb7 12. Bxc4 Nxe5 13. Qxe5 d5 14. Bb5+ Kd8 15. Qxe7+ Bxe7 16. Bf4 f6 17. 0-0 g5 18. Bd2 a5 19. Rfe1 h5 20. Re2 h4 21. Rae1 Rh7 22. Nxg5 1-0

[Event "Helsingor Xtracon op"]
[Site "Helsingor"]
[Date "2017.07.30"]
[Round "10"]
[White "Nesse, David"]
[Black "Aasen, Kjetil Myrlid"]
[Result "1-0"]
[WhiteElo "1718"]
[BlackElo "1881"]
[PlyCount "91"]
[EventDate "2017.07.22"]
[EventType "swiss"]
[EventRounds "10"]
[EventCountry "DEN"]
[SourceTitle "CBM 179 Extra"]
[Source "ChessBase"]
[SourceDate "2017.08.23"]
[SourceVersion "1"]
[SourceVersionDate "2017.08.23"]
[SourceQuality "1"]

1. e4 e6 2. d4 d5 3. Bd3 Nf6 4. e5 Nfd7 5. c3 c5 6. Nf3 Nc6 7. 0-0 Qb6 8. Bc2 cxd4 9. cxd4 Be7 10. Nc3 f6 11. Na4 Qc7 12. Bf4 f5 13. Bg5 Nf8 14. Bxe7 Qxe7 15. Nc5 b6 16. Ba4 Qc7 17. Nd3 Bd7 18. Rc1 Qb7 19. Nf4 Ne7 20. Ng5 h6 21. Ngxe6 Nxe6 22. Nxe6 b5 23. Nc7+ Kf7 24. Nxa8 bxa4 25. Nc7 Rc8 26. e6+ Bxe6 27. Nxe6 Kxe6 28. Rxc8 Nxc8 29. Qxa4 Nd6 30. Re1+ Kf6 31. Qb3 Qc6 32. Qe3 Ne4 33. f3 Ng5 34. Qe7+ Kg6 35. h4 Nxf3+ 36. gxf3 Qc4 37. Qe6+ Kh5 38. Qxf5+ g5 39. Qg4+ Kg6 40. Re6+ Kg7 41. Re7+ Kf8 42. Re1 Qb4 43. Qf5+ Kg7 44. Qd7+ Kg6 45. Qe8+ Kf5 46. Qf7# 1-0

[Event "Helsingor Xtracon op"]
[Site "Helsingor"]
[Date "2017.07.29"]
[Round "9"]
[White "Aasen, Kjetil Myrlid"]
[Black "Nielsen, John Bauneborg"]
[Result "0-1"]
[WhiteElo "1881"]
[BlackElo "2125"]
[PlyCount "78"]
[EventDate "2017.07.22"]
[EventType "swiss"]
[EventRounds "10"]
[EventCountry "DEN"]
[SourceTitle "CBM 179 Extra"]
[Source "ChessBase"]
[SourceDate "2017.08.23"]
[SourceVersion "1"]
[SourceVersionDate "2017.08.23"]
[SourceQuality "1"]

1. e4 g6 2. Nc3 Bg7 3. g3 c5 4. Bg2 Nc6 5. d3 d6 6. Be3 e6 7. Qd2 h5 8. f4 Nge7 9. Nf3 Nd4 10. Nd1 Nxf3+ 11. Bxf3 b6 12. 0-0 Ba6 13. Re1 Rc8 14. a4 d5 15. e5 Nc6 16. Bf2 Bf8 17. Nc3 Be7 18. Nb5 Bb7 19. Rad1 d4 20. Bxc6+ Rxc6 21. Nxa7 Rc7 22. Nb5 Rc8 23. c4 Bf3 24. Ra1 Ra8 25. h3 Kf8 26. Rf1 Bc6 27. b3 Kg7 28. Rfe1 Qd7 29. Kh2 Bb7 30. Rg1 Qc6 31. Raf1 f6 32. exf6+ Bxf6 33. Na3 Rhe8 34. Nc2 e5 35. fxe5 Bxe5 36. Re1 Qf3 37. Ref1 Rf8 38. Ne1 Qf5 39. Ng2 Bc7 0-1

[Event "Helsingor Xtracon op"]
[Site "Helsingor"]
[Date "2017.07.26"]
[Round "6"]
[White "Rygg, Andreas Gangstad"]
[Black "Aasen, Kjetil Myrlid"]
[Result "0-1"]
[WhiteElo "1633"]
[BlackElo "1881"]
[PlyCount "84"]
[EventDate "2017.07.22"]
[EventType "swiss"]
[EventRounds "10"]
[EventCountry "DEN"]
[SourceTitle "CBM 179 Extra"]
[Source "ChessBase"]
[SourceDate "2017.08.23"]
[SourceVersion "1"]
[SourceVersionDate "2017.08.23"]
[SourceQuality "1"]

1. e4 e6 2. b3 d5 3. Bb2 Nf6 4. e5 Nfd7 5. Qg4 c5 6. f4 Nc6 7. Nf3 Qb6 8. Nc3 a6 9. Be2 c4 10. Na4 Qc7 11. bxc4 dxc4 12. Nc3 b5 13. Ne4 Rg8 14. Nd6+ Bxd6 15. exd6 Qxd6 16. 0-0 Bb7 17. Ne5 Ncxe5 18. fxe5 Qxd2 19. Bf3 Bd5 20. Bxd5 Qxd5 21. Qh5 0-0-0 22. Rxf7 h6 23. Rd1 Qe4 24. Rf2 Rgf8 25. Re2 Qf5 26. Qxf5 Rxf5 27. Rd6 Nc5 28. Red2 Rxd6 29. Rxd6 Ne4 30. Rxe6 Rf2 31. h3 Rxc2 32. Ba3 Rxa2 33. Bf8 g5 34. Bxh6 c3 35. Bxg5 Nxg5 36. Rc6+ Kd7 37. Rxc3 Ke6 38. Re3 Nf7 39. Kh2 b4 40. h4 Nxe5 41. h5 Kf5 42. Re1 Nf3+ 0-1

[Event "Helsingor Xtracon op"]
[Site "Helsingor"]
[Date "2017.07.23"]
[Round "2"]
[White "Nilssen, Steinar"]
[Black "Aasen, Kjetil Myrlid"]
[Result "0-1"]
[WhiteElo "1608"]
[BlackElo "1881"]
[PlyCount "100"]
[EventDate "2017.07.22"]
[EventType "swiss"]
[EventRounds "10"]
[EventCountry "DEN"]
[SourceTitle "CBM 179 Extra"]
[Source "ChessBase"]
[SourceDate "2017.08.23"]
[SourceVersion "1"]
[SourceVersionDate "2017.08.23"]
[SourceQuality "1"]

1. d4 d5 2. Bf4 Nf6 3. e3 e6 4. Nd2 Nbd7 5. Ngf3 c5 6. c3 a6 7. a4 Nh5 8. Bg3 Nxg3 9. hxg3 Bd6 10. Bd3 e5 11. e4 cxd4 12. cxd4 exd4 13. exd5 Qe7+ 14. Kf1 Nf6 15. Qc2 Nxd5 16. Re1 Be6 17. Bc4 Rc8 18. b3 g6 19. Nxd4 0-0 20. Nxe6 fxe6 21. Qe4 Bxg3 22. Nf3 Bb8 23. Bxd5 Rcd8 24. Qxe6+ Qxe6 25. Bxe6+ Kg7 26. Rh4 Rd3 27. Rhe4 Ba7 28. Bc4 Rc3 29. Re7+ Kf6 30. R7e6+ Kg7 31. Re7+ Kf6 32. Rxh7 Rc2 33. Re2 Rc1+ 34. Ne1 g5 35. Rxb7 Bc5 36. Rc7 Bb4 37. Rc6+ Kg7 38. Re7+ Bxe7 39. Rxa6 Bb4 40. Re6 Rh8 41. f3 Rxe1+ 42. Kf2 Rxe6 43. Bxe6 Re8 44. Bd5 Be1+ 45. Kf1 Bg3 46. Be4 Rb8 47. Bc2 Rc8 48. Be4 Rc3 49. Bd5 Re3 50. Bc4 Re1# 0-1